Náklady a prínosy mestských opatrení adaptácie na zmenu klímy bakalárska práca

Uložené v:
Podrobná bibliografia
Hlavný autor: Grnja, Patricia
Korporativný autor: Národohospodárska fakulta EU. Katedra financií
Ďalší autori: Engeľ, Marek, 1995-
Médium: Kniha
Jazyk:Slovak
Vydavateľské údaje: Bratislava 2022
Tagy: Pridať tag
Žiadne tagy, Buďte prvý, kto otaguje tento záznam!

MARC

LEADER 00000nbm a2200000 4500
001 0287421
005 20221021084253.2
041 0 |a slo 
044 |a SK 
245 1 0 |a Náklady a prínosy mestských opatrení adaptácie na zmenu klímy  |b bakalárska práca  |c Patricia Grnja ; školiteľ: Marek Engeľ 
264 1 |a Bratislava  |c 2022 
300 |a 54 s. 
100 1 |a Grnja, Patricia 
700 1 |a Engeľ, Marek, 1995- 
710 2 |a Národohospodárska fakulta EU. Katedra financií